[Event "Olimpiade 2022 - Open"]
[Site "Chennai"]
[Date "08.08.2022"]
[Round "10.34"]
[Board "1"]
[White "Keinanen, Toivo"]
[Black "Wanyama, Harold"]
[Result "1/2-1/2"]
[WhiteTitle "IM"]
[BlackTitle "FM"]
[WhiteElo "2477"]
[BlackElo "2242"]
[WhiteTeam "Finland"]
[BlackTeam "Uganda"]
[WhiteFideId "509825"]
[BlackFideId "10000380"]
[EventDate "2022.07.29"]

1. c4 Nf6 2. g3 e6 3. Bg2 d5 4. Nf3 c5 5. cxd5 Nxd5 6. O-O Be7 7. d4 O-O 8. dxc5
Bxc5 9. Qc2 Be7 10. Rd1 Qa5 11. Bd2 Qc5 12. Qxc5 Bxc5 13. Nc3 Nc6 14. Rac1 Nf6
15. Na4 Be7 16. Bf4 Nd5 17. Nc5 Nxf4 18. gxf4 Rd8 19. Rxd8+ Nxd8 20. Ne5 f6 21.
Ned3 Rb8 22. Nb3 Kf8 23. Be4 g6 24. Nd4 a6 25. Kg2 Bd6 26. e3 Ke7 27. Nc5 b6 28.
Nd3 Bd7 29. h4 Rc8 30. Rh1 Nf7 31. Bb7 Rc4 32. Bxa6 Ra4 33. Bb7 Rxa2 34. Rc1 Nd8
35. Nc6+ Nxc6 36. Bxc6 Ra7 37. Bxd7 Kxd7 38. Kf3 Rc7 39. Ra1 Kc6 40. Ra4 Kb5 41.
Re4 Re7 42. Ke2 Kc6 43. Rc4+ Kd7 44. Ra4 Kc6 45. Ra8 e5 46. fxe5 Bxe5 47. Rf8
Kb5 48. Kd2 Rd7 49. Kc2 Rc7+ 50. Kb3 Re7 51. Rd8 Kc6 52. Nb4+ Kc7 53. Rf8 Kd7
54. Nd5 Re6 55. Rf7+ Kc6 56. Nb4+ Kb5 57. Rxh7 Rd6 58. Rc7 Bxb2 59. Kxb2 Kxb4
60. Kc2 f5 61. Rh7 Rc6+ 62. Kd3 Rd6+ 63. Kc2 Rc6+ 64. Kd3 Rd6+ 65. Ke2 b5 66. h5
gxh5 67. Rxh5 Rf6 68. Kd3 Kb3 69. Rh8 Rd6+ 70. Ke2 b4 71. Kf3 Kb2 72. Kf4 Rd5
73. e4 fxe4 74. Kxe4 Rd1 75. f4 b3 76. f5 1/2-1/2

[Event "Olimpiade 2022 - Open"]
[Site "Chennai"]
[Date "08.08.2022"]
[Round "10.38"]
[Board "3"]
[White "Sultan, Ibrahim"]
[Black "Noboa Silva, Kevin"]
[Result "1-0"]
[WhiteTitle "IM"]
[BlackTitle "FM"]
[WhiteElo "2108"]
[BlackElo "2304"]
[WhiteTeam "United Arab Emirates"]
[BlackTeam "Ecuador"]
[WhiteFideId "9301143"]
[BlackFideId "3618471"]
[EventDate "2022.07.29"]

1. d4 e6 2. Nf3 Nf6 3. c4 Bb4+ 4. Nbd2 a5 5. a3 Be7 6. e4 d5 7. e5 Nfd7 8. Bd3
c5 9. Qc2 Nc6 10. O-O cxd4 11. cxd5 exd5 12. Re1 Nc5 13. Nb3 Ne6 14. Bb5 Bd7 15.
Bxc6 bxc6 16. Nfxd4 Nxd4 17. Nxd4 c5 18. Ne2 O-O 19. Nf4 Bc6 20. a4 Rc8 21. Ra3
Re8 22. Rh3 h6 23. Ne6 fxe6 24. Rxh6 gxh6 25. Qg6+ Kh8 26. Qxh6+ Kg8 27. Qg6+
Kh8 28. Re3 Bh4 29. Rh3 Rc7 30. Bg5 Rg7 31. Bf6 Re7 32. Rxh4+ Kg8 33. Bxg7 Rxg7
34. Qxe6+ Rf7 35. Rg4+ Kf8 36. Qxc6 c4 37. Qc5+ Re7 38. e6 Qe8 39. Qd6 Qh5 40.
Qf4+ Qf7 41. Qxf7+ Rxf7 42. exf7 1-0

[Event "Olimpiade 2022 - Open"]
[Site "Chennai"]
[Date "08.08.2022"]
[Round "10.39"]
[Board "4"]
[White "Jaiswal, Rupesh"]
[Black "Degenbaev, Aziz"]
[Result "1-0"]
[WhiteTitle "FM"]
[WhiteElo "2083"]
[BlackElo "2215"]
[WhiteTeam "Nepal"]
[BlackTeam "Kyrgyzstan"]
[WhiteFideId "12300870"]
[BlackFideId "13802640"]
[EventDate "2022.07.29"]

1. e4 c5 2. Nf3 d6 3. Bb5+ Nd7 4. a4 Nf6 5. Nc3 g6 6. a5 a6 7. Bc4 h6 8. O-O Bg7
9. Re1 O-O 10. d3 b5 11. axb6 Bb7 12. Nd5 Nxb6 13. Nxb6 Qxb6 14. Bd2 e5 15. Qc1
Kh7 16. Ba5 Qc6 17. b4 Rae8 18. bxc5 Qxc5 19. Qa3 Nxe4 20. Rxe4 Qxa3 21. Rxa3
Bxe4 22. dxe4 Rc8 23. Bb3 f5 24. Nd2 h5 25. Ra2 Bh6 26. Nc4 Rc6 27. Bd2 Rxc4 28.
Bxh6 Rd4 29. c3 Rxe4 30. f3 Re1+ 31. Kf2 Kxh6 32. Kxe1 Rb8 33. Bd5 Rb1+ 34. Ke2
h4 35. h3 Kg5 36. Ke3 a5 37. Rxa5 Rc1 38. f4+ exf4+ 39. Kd2 Rb1 40. Ra6 f3 41.
Bxf3 Kf4 42. Rxd6 g5 43. Rg6 Rf1 44. Kd3 g4 45. Bxg4 fxg4 46. Rxg4+ 1-0

[Event "Olimpiade 2022 - Open"]
[Site "Chennai"]
[Date "08.08.2022"]
[Round "10.44"]
[Board "1"]
[White "Chekh Adm Khedr, Aram"]
[Black "Saraci, Nderim"]
[Result "1-0"]
[BlackTitle "IM"]
[WhiteElo "2147"]
[BlackElo "2495"]
[WhiteTeam "Syria"]
[BlackTeam "Kosovo"]
[WhiteFideId "7601948"]
[BlackFideId "6351921"]
[EventDate "2022.07.29"]

1. e4 b6 2. d4 Bb7 3. Bd3 e6 4. Nf3 c5 5. c3 cxd4 6. cxd4 Nf6 7. Qe2 Nc6 8. a3
d5 9. e5 Ne4 10. Nbd2 Nxd2 11. Bxd2 Be7 12. h4 h6 13. Rh3 Qd7 14. h5 O-O-O 15.
Bb5 Kb8 16. b4 Rc8 17. Rg3 Rhg8 18. Qd3 Qd8 19. Rb1 Qf8 20. Kf1 Rc7 21. Kg1 Rc8
22. Rc1 f5 23. exf6 Bxf6 24. Re1 Qf7 25. a4 Qxh5 26. a5 Qf5 27. a6 Qxd3 28. Bxd3
Ba8 29. Bf4+ e5 30. dxe5 Bd8 31. b5 Ne7 32. e6+ Bc7 33. Ne5 Rcd8 34. Nd7+ Rxd7
35. exd7 Bxf4 36. Rxe7 Rd8 37. Re8 Kc7 38. Rxd8 Kxd8 39. Rxg7 1-0

[Event "Olimpiade 2022 - Open"]
[Site "Chennai"]
[Date "08.08.2022"]
[Round "10.44"]
[Board "2"]
[White "Saraci, Korab"]
[Black "Altorky, Amer"]
[Result "0-1"]
[WhiteElo "2287"]
[BlackElo "2040"]
[WhiteTeam "Kosovo"]
[BlackTeam "Syria"]
[WhiteFideId "4701968"]
[BlackFideId "7601379"]
[EventDate "2022.07.29"]

1. d4 Nf6 2. c4 g6 3. Nc3 Bg7 4. Nf3 d6 5. e4 O-O 6. Bg5 Nbd7 7. Be2 e5 8. dxe5
dxe5 9. O-O h6 10. Bh4 g5 11. Bg3 Nh5 12. Bxe5 Nxe5 13. Nxe5 Qxd1 14. Raxd1 Nf4
15. Nd3 Bxc3 16. Nxf4 Bxb2 17. Nd5 Be5 18. Ne3 Be6 19. Bg4 Rad8 20. g3 c5 21.
Bf5 Rd4 22. Rxd4 cxd4 23. Nd5 Kg7 24. Rb1 b6 25. Rb5 Bd6 26. a4 Rc8 27. a5 bxa5
28. Rxa5 Bxf5 29. exf5 Rxc4 30. Ra6 Bc5 31. f6+ Kh7 32. Kf1 d3 33. Ra1 Rc2 34.
Rd1 Rxf2+ 35. Ke1 Rf3 36. Kd2 Rf5 37. Nc3 Bb4 38. Kxd3 Rf3+ 0-1

[Event "Olimpiade 2022 - Open"]
[Site "Chennai"]
[Date "08.08.2022"]
[Round "10.44"]
[Board "3"]
[White "Koniahli, Malek."]
[Black "Makolli, Perparim"]
[Result "0-1"]
[WhiteTitle "FM"]
[BlackTitle "FM"]
[WhiteElo "2238"]
[BlackElo "2247"]
[WhiteTeam "Syria"]
[BlackTeam "Kosovo"]
[WhiteFideId "7603495"]
[BlackFideId "908630"]
[EventDate "2022.07.29"]

1. e4 c5 2. Nf3 e6 3. d4 cxd4 4. Nxd4 a6 5. Bd3 Nf6 6. O-O Qc7 7. Be3 Nc6 8. Nd2
Be7 9. Nxc6 bxc6 10. f4 d6 11. Nc4 Nd7 12. Qg4 d5 13. exd5 exd5 14. Qxg7 Bf6 15.
Qh6 dxc4 16. Bxc4 Bb7 17. Rad1 Be7 18. Bxf7+ Kxf7 19. Qh5+ Kf8 20. f5 Bf6 21.
Bh6+ Ke7 22. Rfe1+ Kd8 23. Qf7 Kc8 24. Rd3 c5 25. Re6 Bd4+ 26. Kh1 Ne5 27. Qf6 0-1

[Event "Olimpiade 2022 - Open"]
[Site "Chennai"]
[Date "08.08.2022"]
[Round "10.48"]
[Board "4"]
[White "Pinales Roussel, Gabriel"]
[Black "Gengler, Pierre"]
[Result "1-0"]
[WhiteElo "1973"]
[BlackElo "2194"]
[WhiteTeam "Puerto Rico"]
[BlackTeam "Luxembourg"]
[WhiteFideId "3101762"]
[BlackFideId "4000714"]
[EventDate "2022.07.29"]

1. Nf3 g6 2. e4 Bg7 3. d4 d6 4. Bc4 Nf6 5. Qe2 O-O 6. h3 c6 7. e5 Nd5 8. O-O b5
9. Bb3 a5 10. Rd1 Nb6 11. c3 Na6 12. Bg5 d5 13. Bc2 Ra7 14. Bd3 f6 15. exf6 exf6
16. Bh4 Re7 17. Qc2 Rfe8 18. Nbd2 Nc4 19. Nf1 Nc7 20. a4 Ne6 21. Bg3 Bh6 22. b3
Nf4 23. axb5 Nxd3 24. bxc4 dxc4 25. Rxd3 Bf5 26. bxc6 Re2 27. Qa4 cxd3 28. Qc4+
Kh8 29. Rd1 Be4 30. Rxd3 Bxd3 31. Qxd3 Qa8 32. c7 R2e7 33. d5 a4 34. Qb5 a3 35.
Nd4 a2 36. Nb3 Qc8 37. Qc6 Qd7 38. Qc4 Ra8 39. d6 Rg7 40. Qd5 Rc8 41. Qa5 Rgg8
42. Qxa2 Bf8 43. Nc5 Qc6 44. Qe6 Bxd6 45. Qxf6+ Rg7 46. Bxd6 h6 47. Ne6 Rxc7 48.
Bxc7 1-0

[Event "Olimpiade 2022 - Open"]
[Site "Chennai"]
[Date "08.08.2022"]
[Round "10.50"]
[Board "2"]
[White "Burgos Figueroa, Carlos E."]
[Black "Garcia Cuestas, Kevin"]
[Result "1-0"]
[WhiteTitle "IM"]
[WhiteElo "2164"]
[BlackElo "1984"]
[WhiteTeam "El Salvador"]
[BlackTeam "Honduras"]
[WhiteFideId "6700187"]
[BlackFideId "8400776"]
[EventDate "2022.07.29"]

1. c4 e5 2. Nc3 Nf6 3. g3 Bc5 4. Bg2 c6 5. e3 d5 6. cxd5 cxd5 7. d4 exd4 8. exd4
Bb4 9. Ne2 h6 10. O-O O-O 11. h3 Nc6 12. a3 Bxc3 13. Nxc3 Be6 14. Be3 Qd7 15.
Kh2 Rac8 16. Qa4 Rfd8 17. Rac1 a5 18. Qb5 Qe7 19. Na4 Rc7 20. Nb6 Ne8 21. Qc5
Qxc5 22. Rxc5 Nf6 23. Rfc1 Re7 24. Na4 Kf8 25. Rb5 Rb8 26. Rxc6 Bd7 27. Rcb6
Bxb5 28. Rxb5 Rd7 29. Rxa5 Ke7 30. Nb6 Rd6 31. Bf4 1-0

[Event "Olimpiade 2022 - Open"]
[Site "Chennai"]
[Date "08.08.2022"]
[Round "10.54"]
[Board "4"]
[White "Gabriel, Davidson"]
[Black "Zrikem, Nassim"]
[Result "1-0"]
[BlackTitle "FM"]
[WhiteElo "1915"]
[BlackElo "2075"]
[WhiteTeam "Haiti"]
[BlackTeam "Morocco"]
[WhiteFideId "11901284"]
[BlackFideId "9002693"]
[EventDate "2022.07.29"]

1. d4 Nf6 2. c4 e6 3. Nc3 Bb4 4. Qc2 c5 5. dxc5 Nc6 6. Nf3 O-O 7. Bg5 Bxc5 8. e3
Be7 9. Rd1 Qa5 10. Be2 d5 11. O-O dxc4 12. Bxc4 h6 13. Bh4 a6 14. Be2 e5 15.
Bxf6 Bxf6 16. Nd2 Be6 17. Bc4 Rfe8 18. Bxe6 Rxe6 19. Nc4 Qc5 20. Qe4 b5 21. Na5
Rc8 22. Nb3 Qf8 23. Nd5 Bd8 24. Rc1 Ne7 25. Nxe7+ Bxe7 26. Rxc8 Qxc8 27. Rc1 Qd8
28. g3 g6 29. Qb7 Bf8 30. Rc8 1-0

[Event "Olimpiade 2022 - Open"]
[Site "Chennai"]
[Date "08.08.2022"]
[Round "10.62"]
[Board "1"]
[White "Abdirahman Omar Sheikh"]
[Black "Michaelides, Konstantinos"]
[Result "0-1"]
[BlackTitle "FM"]
[WhiteElo "2051"]
[BlackElo "2300"]
[WhiteTeam "Somalia"]
[BlackTeam "Cyprus"]
[WhiteFideId "16100085"]
[BlackFideId "5901871"]
[EventDate "2022.07.29"]

1. d4 Nf6 2. Bf4 e6 3. Nf3 c5 4. e3 d5 5. Bb5+ Bd7 6. Bxd7+ Nbxd7 7. O-O Be7 8.
c4 cxd4 9. Qxd4 O-O 10. cxd5 Nxd5 11. Nc3 Bf6 12. Ne5 Nxf4 13. Qxd7 Bxe5 14.
Qxd8 Rfxd8 15. exf4 Bxf4 16. Rfd1 Be5 17. Rxd8+ Rxd8 18. Rd1 Rxd1+ 19. Nxd1 Bd4
20. Kf1 e5 21. Ke2 Kf8 22. Kd3 Ke7 23. Kc4 Kd6 24. Kd3 Kd5 25. Kd2 f5 26. Kd3 a5
27. Ke2 a4 28. h3 Kc4 29. Kd2 e4 30. Ke2 f4 31. Kd2 g5 32. g4 fxg3 33. fxg3 h5
34. Ke2 Kd5 35. Kd2 Ke5 36. Ke2 h4 37. gxh4 gxh4 38. a3 Kf4 0-1

[Event "Olimpiade 2022 - Open"]
[Site "Chennai"]
[Date "08.08.2022"]
[Round "10.67"]
[Board "3"]
[White "Jamal, Hamid Harmon Gulamo"]
[Black "Kyaw, Myat Aung"]
[Result "0-1"]
[WhiteElo "1617"]
[BlackElo "1839"]
[WhiteTeam "Mozambique"]
[BlackTeam "Myanmar"]
[WhiteFideId "14801221"]
[BlackFideId "13012541"]
[EventDate "2022.07.29"]

1. e4 e5 2. Nf3 Nc6 3. Bc4 Bc5 4. c3 Nf6 5. d3 a6 6. Bb3 Ba7 7. O-O h6 8. Nbd2
O-O 9. Re1 d6 10. h3 Be6 11. Bc2 Qd7 12. Nf1 Rad8 13. Ng3 Qc8 14. Nh2 d5 15. Qf3
dxe4 16. dxe4 Nh7 17. Nhf1 Rd7 18. Nf5 Qd8 19. N1g3 Kh8 20. a4 a5 21. Qe2 Bb6
22. b3 Rg8 23. Rd1 Rxd1+ 24. Bxd1 Qd7 25. Bc2 f6 26. h4 Qf7 27. Rb1 Rd8 28. Ba3
Nf8 29. h5 Nh7 30. Nh4 Ng5 31. Ng6+ Kg8 32. Rd1 Qe8 33. Rd2 Bf7 34. Rxd8 Qxd8
35. Nh4 Ne6 36. Nhf5 Kh7 37. Qg4 Qd2 38. Qd1 Qxf2+ 39. Kh2 Nf4 40. Nh4 Bxh5 41.
Qf1 Qxc2 42. Nxh5 Qxe4 43. Ng3 Qd3 44. Qe1 g6 45. Bc1 h5 46. Bxf4 exf4 47. Ne4
Kg7 48. Nf3 Qe3 49. Ned2 Qxe1 50. Nxe1 Ne5 51. b4 g5 52. Nb3 axb4 53. cxb4 Bf2
54. Nf3 Nd3 55. b5 Nc5 56. Nxc5 Bxc5 57. a5 Kg6 58. Ne1 Kf5 59. Nd3 Be3 60. Nb4
Ke4 61. a6 bxa6 62. bxa6 g4 63. Na2 h4 64. Nc3+ Ke5 65. Kh1 c6 66. Kh2 Ba7 67.
Kh1 Kd4 68. Ne2+ Ke3 69. Ng1 c5 70. Kh2 c4 0-1

[Event "Olimpiade 2022 - Open"]
[Site "Chennai"]
[Date "08.08.2022"]
[Round "10.77"]
[Board "1"]
[White "Martyr, Reginald"]
[Black "Nevska, Gerda"]
[Result "1-0"]
[WhiteTitle "CM"]
[WhiteElo "2194"]
[BlackElo "1840"]
[WhiteTeam "Saint Lucia"]
[BlackTeam "Guernsey"]
[WhiteFideId "7701810"]
[BlackFideId "10700366"]
[EventDate "2022.07.29"]

1. Nf3 c5 2. b3 Nf6 3. Bb2 g6 4. c4 Nc6 5. g3 Bg7 6. Bg2 O-O 7. O-O d6 8. d4
cxd4 9. Nxd4 Bd7 10. Nc3 Nxd4 11. Qxd4 Bc6 12. Nd5 Nh5 13. Qd2 Bxb2 14. Qxb2 e6
15. Nc3 Bxg2 16. Kxg2 Qb6 17. Rad1 f5 18. e3 Rad8 19. Rd4 Rd7 20. Qe2 Qc6+ 21.
Qf3 a6 22. Qxc6 bxc6 23. Rfd1 Rfd8 24. c5 d5 25. Rb4 a5 26. Rb6 Rc7 27. Ra6 e5
28. Rxa5 Nf6 29. Ne2 Rdd7 30. b4 Ra7 31. Rxa7 Rxa7 32. Rd2 Ne8 33. Nc1 Kf7 34.
Nb3 Ke6 35. Na5 Kd7 36. a4 Nc7 37. Nc4 Ke6 38. Nb6 Na6 39. Rb2 d4 40. exd4 exd4
41. Kf3 Ke5 42. Ke2 Nc7 43. Kd3 Ne6 44. f4+ Kf6 45. Kc4 g5 46. fxg5+ Kxg5 47. b5
cxb5+ 48. axb5 d3 49. Rd2 Kg4 50. Rxd3 Ra2 51. Kd5 f4 52. Kxe6 f3 53. Rxf3 Kxf3
54. c6 Rc2 55. Kd6 Rd2+ 56. Ke7 Rc2 57. Kd7 Rd2+ 58. Kc8 Rb2 59. c7 Rxb5 60. Kd7
Rc5 61. c8=Q Rxc8 62. Nxc8 h5 63. Ne7 Kg2 64. Nf5 Kxh2 65. Ke6 Kh3 66. Kf6 Kg4
67. Kg6 1-0

[Event "Olimpiade 2022 - Open"]
[Site "Chennai"]
[Date "08.08.2022"]
[Round "10.84"]
[Board "4"]
[White "Khalema, Sechaba"]
[Black "Yussof, Pg Abd Rahman"]
[Result "1-0"]
[WhiteElo "1790"]
[BlackElo "1804"]
[WhiteTeam "Lesotho"]
[BlackTeam "Brunei Darussalam"]
[WhiteFideId "14317176"]
[BlackFideId "10500219"]
[EventDate "2022.07.29"]

1. d4 d5 2. c4 c6 3. cxd5 cxd5 4. Bf4 Nc6 5. e3 e6 6. Bd3 Nf6 7. Ne2 Be7 8. Nbc3
a6 9. O-O O-O 10. Rc1 Nh5 11. Bb1 f5 12. h3 Qe8 13. Kh1 Kh8 14. Bh2 Bg5 15. f4
Be7 16. g4 fxg4 17. hxg4 Nf6 18. Rg1 Bd7 19. Ng3 e5 20. f5 exd4 21. exd4 Qf7 22.
Nge2 b5 23. Nf4 Na5 24. Qf3 Nc4 25. Rg2 Bd6 26. Ng6+ Kg8 27. Nxf8 Kxf8 28. Re1
b4 29. Nd1 Bxh2 30. Rxh2 Bc6 31. g5 Ng8 32. Rxh7 Nd2 33. Qf4 Nc4 34. f6 1-0

[Event "Olimpiade 2022 - Open"]
[Site "Chennai"]
[Date "09.08.2022"]
[Round "11.1"]
[Board "2"]
[White "Nihal, Sarin"]
[Black "Bluebaum, Matthias"]
[Result "1-0"]
[WhiteTitle "GM"]
[BlackTitle "GM"]
[WhiteElo "2651"]
[BlackElo "2673"]
[WhiteTeam "India 2"]
[BlackTeam "Germany"]
[WhiteFideId "25092340"]
[BlackFideId "24651516"]
[EventDate "2022.07.29"]

1. d4 Nf6 2. Nf3 d5 3. Bf4 c5 4. e3 e6 5. c3 Bd6 6. Nbd2 Bxf4 7. exf4 Qc7 8. g3
O-O 9. Bd3 cxd4 10. Nxd4 Nc6 11. N2f3 Nxd4 12. Nxd4 e5 13. fxe5 Qxe5+ 14. Qe2
Qd6 15. O-O Re8 16. Qd2 Bd7 17. Rfe1 Ng4 18. Re2 Qf6 19. Rae1 Ne5 20. Re3 g6 21.
Bf1 Kg7 22. b3 Nc6 23. Rf3 Qd6 24. Nb5 Qc5 25. b4 Qf8 26. Nc7 Rxe1 27. Qxe1 Rd8
28. Nxd5 Qd6 29. c4 Be6 30. Rd3 Qe5 31. Qd2 Qa1 32. a3 Ne5 33. Qc3 Qxc3 34. Rxc3
b5 35. f4 Nxc4 36. Nc7 Bf5 37. Nxb5 Rd1 38. Kf2 Nd2 39. Bd3 a6 40. Bxf5 gxf5 41.
Ke2 Rh1 42. Kxd2 Rxh2+ 43. Ke3 axb5 44. Kd4 h5 45. Kc5 Rh3 46. Kxb5 h4 47. a4
hxg3 48. Rc1 Rh4 49. Rg1 Rxf4 50. Rxg3+ Rg4 51. Rf3 f4 52. a5 Kf6 53. a6 Ke5 54.
a7 Rg8 55. Ra3 1-0

[Event "Olimpiade 2022 - Open"]
[Site "Chennai"]
[Date "09.08.2022"]
[Round "11.1"]
[Board "3"]
[White "Svane, Rasmus"]
[Black "Praggnanandhaa, R"]
[Result "1/2-1/2"]
[WhiteTitle "GM"]
[BlackTitle "GM"]
[WhiteElo "2649"]
[BlackElo "2648"]
[WhiteTeam "Germany"]
[BlackTeam "India 2"]
[WhiteFideId "4657101"]
[BlackFideId "25059530"]
[EventDate "2022.07.29"]

1. Nf3 d5 2. g3 c5 3. Bg2 Nf6 4. O-O e6 5. d4 cxd4 6. Nxd4 e5 7. Nb3 Be6 8. Nc3
Be7 9. f4 exf4 10. gxf4 g6 11. Nd4 Nc6 12. Nxe6 fxe6 13. Kh1 O-O 14. Qd3 Bb4 15.
Qh3 Qe7 16. e4 Bxc3 17. exd5 Nxd5 18. bxc3 Rf5 19. Be4 Rh5 20. Qg2 Nf6 21. Bd3
Rf8 22. Bd2 Qd7 23. Rae1 Qd5 24. Qxd5 exd5 25. Kg2 Ne4 26. Bxe4 dxe4 27. Rxe4
Rd8 28. Be3 Kf7 29. Rb1 Rd7 30. a4 Rhd5 31. Rb5 a6 32. Rxd5 Rxd5 33. Bd4 Nxd4
34. Rxd4 Ke6 35. Rb4 Rd2+ 36. Kg3 Rxc2 37. Rxb7 Rxc3+ 38. Kg4 Kf6 39. Rb6+ Kg7
40. Rxa6 h5+ 41. Kg5 Rc5+ 42. Kh4 Rc4 43. Kg5 Rc5+ 44. Kh4 Rc4 45. Kg3 Rc3+ 46.
Kf2 Rc2+ 47. Kg3 Rc3+ 48. Kf2 Rc2+ 49. Kg3 1/2-1/2

[Event "Olimpiade 2022 - Open"]
[Site "Chennai"]
[Date "09.08.2022"]
[Round "11.1"]
[Board "4"]
[White "Sadhwani, Raunak"]
[Black "Nisipeanu, Liviu-Dieter"]
[Result "1-0"]
[WhiteTitle "GM"]
[BlackTitle "GM"]
[WhiteElo "2611"]
[BlackElo "2642"]
[WhiteTeam "India 2"]
[BlackTeam "Germany"]
[WhiteFideId "35093487"]
[BlackFideId "1202758"]
[EventDate "2022.07.29"]

1. e4 c6 2. d4 d5 3. e5 Bf5 4. Nf3 e6 5. Be2 c5 6. Be3 Nd7 7. O-O Ne7 8. c4 dxc4
9. Bxc4 a6 10. Nc3 Nc6 11. d5 Ncxe5 12. Be2 Nxf3+ 13. Bxf3 Ne5 14. Bf4 Nd3 15.
dxe6 fxe6 16. Bxb7 Ra7 17. Bc6+ Kf7 18. Be4 c4 19. Qf3 Qf6 20. Bxd3 Bxd3 21.
Rfe1 Kg8 22. Ne4 Qxb2 23. Ng5 h6 24. Nxe6 Rf7 25. Rad1 Bb4 26. Re3 Be7 27. h3
Qf6 28. Qd5 Kh7 29. Bg3 Qf5 30. Re5 Qf6 31. Rde1 Rc8 32. R1e3 Bf5 33. Rf3 g6 34.
Bh4 Bxe6 35. Rxe6 Qxf3 36. gxf3 Bxh4 37. Qe4 Rg7 38. Qxh4 c3 39. Re1 c2 40. Qf4
Rgc7 41. Rc1 Kg7 42. Kg2 h5 43. Qd6 Rc6 44. Qe7+ Kg8 45. f4 R8c7 46. Qe8+ Kg7
47. f5 1-0

[Event "Olimpiade 2022 - Open"]
[Site "Chennai"]
[Date "09.08.2022"]
[Round "11.2"]
[Board "1"]
[White "Sargissian, Gabriel"]
[Black "Shirov, Alexei"]
[Result "1-0"]
[WhiteTitle "GM"]
[BlackTitle "GM"]
[WhiteElo "2698"]
[BlackElo "2704"]
[WhiteTeam "Armenia"]
[BlackTeam "Spain"]
[WhiteFideId "13300881"]
[BlackFideId "2209390"]
[EventDate "2022.07.29"]

1. d4 d5 2. c4 c6 3. Nf3 Nf6 4. Qb3 dxc4 5. Qxc4 Bg4 6. Nc3 Nbd7 7. Bf4 Bxf3 8.
gxf3 Nb6 9. Qd3 Nfd5 10. Nxd5 Nxd5 11. Bd2 e6 12. e4 Nc7 13. O-O-O Qh4 14. Be3
O-O-O 15. Qd2 g6 16. Bg5 Qh5 17. Be2 Bb4 18. Qe3 e5 19. Bxd8 Rxd8 20. dxe5 Qxe5
21. Rxd8+ Kxd8 22. Rd1+ Ke7 23. f4 Qc5+ 24. Kb1 Qxe3 25. fxe3 Ne8 26. e5 Bc5 27.
Bg4 f5 28. exf6+ Nxf6 29. Bf3 h6 30. h4 Ke6 31. Kc2 h5 32. Kd3 Be7 33. Rg1 Kf7
34. Ke2 Nd7 35. Be4 Nf8 36. Rh1 Nd7 37. Bc2 Bf6 38. e4 Bd4 39. e5 Nf8 40. Kd3 c5
41. Ke4 b6 42. b4 Ke7 43. Bb3 Bf2 44. b5 Nd7 45. Bc4 Nf8 46. Rh3 Be1 47. f5
gxf5+ 48. Kxf5 Nd7 49. Ra3 1-0

[Event "Olimpiade 2022 - Open"]
[Site "Chennai"]
[Date "09.08.2022"]
[Round "11.2"]
[Board "2"]
[White "Vallejo Pons, Francisco"]
[Black "Melkumyan, Hrant"]
[Result "1/2-1/2"]
[WhiteTitle "GM"]
[BlackTitle "GM"]
[WhiteElo "2702"]
[BlackElo "2634"]
[WhiteTeam "Spain"]
[BlackTeam "Armenia"]
[WhiteFideId "2205530"]
[BlackFideId "13302485"]
[EventDate "2022.07.29"]

1. e4 c6 2. d4 d5 3. f3 e6 4. Nc3 Bb4 5. Bd2 Ne7 6. a3 Ba5 7. Bd3 Nd7 8. f4 c5
9. e5 a6 10. Nf3 cxd4 11. Nxd4 Nc5 12. Be2 Bb6 13. Be3 Bd7 14. Qd2 Na4 15. Nxa4
Bxa4 16. O-O Rc8 17. c3 Bxd4 18. Bxd4 Bb5 19. Bxb5+ axb5 20. Qe2 Qd7 21. Rf3 Nf5
22. Rd1 Nxd4 23. cxd4 O-O 24. g4 f5 25. exf6 Rxf6 26. g5 Rff8 27. Re1 Rce8 28.
Kg2 Rf5 29. h4 Qc6 30. Kg3 Qd7 31. Qe3 Qf7 32. Rc1 Rf8 33. Rc5 Qd7 34. Qc1 R5f7
35. Qf1 h5 36. gxh6 gxh6 37. Rxb5 Qe7 38. Rbb3 Qf6 39. Qf2 Kh8 40. Kh3 Rg8 41.
Rg3 Qf5+ 42. Kh2 Rxg3 43. Rxg3 Qxf4 44. Qxf4 1/2-1/2

[Event "Olimpiade 2022 - Open"]
[Site "Chennai"]
[Date "09.08.2022"]
[Round "11.2"]
[Board "3"]
[White "Petrosyan, Manuel"]
[Black "Anton Guijarro, David"]
[Result "1/2-1/2"]
[WhiteTitle "GM"]
[BlackTitle "GM"]
[WhiteElo "2610"]
[BlackElo "2667"]
[WhiteTeam "Armenia"]
[BlackTeam "Spain"]
[WhiteFideId "13300857"]
[BlackFideId "2285525"]
[EventDate "2022.07.29"]

1. Nf3 d5 2. d4 Nf6 3. Bf4 e6 4. e3 Bd6 5. Nbd2 O-O 6. Bd3 Bxf4 7. exf4 b6 8.
O-O c5 9. Re1 Ba6 10. Ne5 Bxd3 11. cxd3 Nfd7 12. Rc1 Nxe5 13. fxe5 Nc6 14. dxc5
bxc5 15. Nb3 c4 16. dxc4 dxc4 17. Rxc4 Nxe5 18. Rd4 Qb8 19. Na5 Qc7 20. b4 Rac8
21. h3 h6 22. a3 Qb8 23. Qd2 Nc6 24. Rg4 Ne5 25. Rd4 Nc6 26. Nxc6 Rxc6 27. Rd1
a6 28. Rd6 Rfc8 29. a4 Rc4 30. Rd8+ Rxd8 31. Qxd8+ Qxd8 32. Rxd8+ Kh7 33. Rb8 a5
34. bxa5 1/2-1/2

[Event "Olimpiade 2022 - Open"]
[Site "Chennai"]
[Date "09.08.2022"]
[Round "11.2"]
[Board "4"]
[White "Santos Latasa, Jaime"]
[Black "Hovhannisyan, Robert"]
[Result "1/2-1/2"]
[WhiteTitle "GM"]
[BlackTitle "GM"]
[WhiteElo "2675"]
[BlackElo "2591"]
[WhiteTeam "Spain"]
[BlackTeam "Armenia"]
[WhiteFideId "2293307"]
[BlackFideId "13302507"]
[EventDate "2022.07.29"]

1. e4 e5 2. Nf3 Nc6 3. Bc4 Bc5 4. O-O Nf6 5. d3 d6 6. c3 a5 7. Re1 O-O 8. h3 Be6
9. Bb5 Ba7 10. Be3 Bxe3 11. Rxe3 Ne7 12. d4 c6 13. Bf1 h6 14. Nbd2 Ng6 15. a4
Qc7 16. Qc2 Rad8 17. Rd1 Rfe8 18. Ree1 Nh7 19. dxe5 dxe5 20. Nc4 Ng5 21. Nxg5
hxg5 22. g3 Nf8 23. Qc1 Rxd1 24. Rxd1 Bxc4 25. Bxc4 Rd8 26. Kg2 Rxd1 27. Qxd1
Nd7 28. b4 Nf6 29. f3 b5 30. axb5 cxb5 31. Bxb5 Qxc3 32. bxa5 Qxa5 33. Bc4 g6
34. Qc1 Nh7 35. Bd5 Kg7 36. Qb2 Qc7 37. Qd2 Qe7 38. Ba2 Qa7 39. Bc4 Qc5 40. Bd5
Qc7 41. Bb3 Qb7 42. Bd5 Qa6 43. Kf2 Qb6+ 44. Kg2 Qb5 45. Kf2 Qa6 46. Qb2 Qa7+
47. Kg2 Qe7 48. Qd2 Nf6 49. Ba2 Nh5 50. Bd5 Qd8 51. Qb2 Qc7 52. Qd2 Qe7 53. Qb2
Qc7 54. Qd2 Qd8 55. Qb2 Qe7 56. Qd2 Nf6 57. Ba2 Ne8 58. Bd5 Nc7 59. Bc4 Qc5 60.
Qa2 Qe7 61. Qd2 Ne8 62. Bd5 Nd6 63. Qb2 Kh7 64. Qb6 Ne8 65. Qb3 Kg8 66. Qb8 Kg7
67. Qb2 Nf6 68. Qd2 Nh5 69. Qb2 Nf6 1/2-1/2